Welcome to WEB OPAC of MRSPTU Central Library

C++ programming black book (Record no. 4846)

MARC details
000 -LEADER
fixed length control field 00368nam a2200157Ia 4500
008 - FIXED-LENGTH DATA ELEMENTS--GENERAL INFORMATION
fixed length control field 230711s9999||||xx |||||||||||||| ||und||
041 ## - LANGUAGE CODE
Language code of text/sound track or separate title ENG
082 ## - DEWEY DECIMAL CLASSIFICATION NUMBER
Classification number 5
Item number HO-C
100 ## - MAIN ENTRY--PERSONAL NAME
Personal name Holzner,Steven
245 #0 - TITLE STATEMENT
Title C++ programming black book
250 ## - EDITION STATEMENT
Edition statement 1st Ed.
260 ## - PUBLICATION, DISTRIBUTION, ETC.
Date of publication, distribution, etc. 2007
Place of publication, distribution, etc. New Delhi
Name of publisher, distributor, etc. Dream Tech
300 ## - PHYSICAL DESCRIPTION
Extent 799
650 ## - SUBJECT ADDED ENTRY--TOPICAL TERM
Topical term or geographic name entry element Computer Engineering
942 ## - ADDED ENTRY ELEMENTS (KOHA)
Koha item type Book
Holdings
Withdrawn status Lost status Damaged status Not for loan Collection Home library Current library Date acquired Total checkouts Full call number Barcode Date last seen Price effective from Koha item type Date last checked out
          MRSPTU Central Library MRSPTU Central Library     5 HO-C 17176 08/17/2023 08/17/2023 Book  
          MRSPTU Central Library MRSPTU Central Library   2 5 HO-C 17177 02/18/2026 08/17/2023 Book 01/29/2026
          MRSPTU Central Library MRSPTU Central Library     5 HO-C 17178 08/17/2023 08/17/2023 Book  
          MRSPTU Central Library MRSPTU Central Library     5 HO-C 17179 08/17/2023 08/17/2023 Book  

Website Designed and Developed by MRSPTU Central Library Team

E-mail Id: librarian@mrsptu.ac.in